000 00752nam a22001817a 4500
999 _c371729
_d371729
008 201127b ||||| |||| 00| 0 eng d
040 _aDE-2950
_bger
_cDE-2950
_erda
041 _ager
245 _aIst Frankfurt heute besser vor Hochwasser geschützt?
_bJahrhundertflut: Vor 25 Jahren erlebte die Region nie dagewesene Pegelstände der Oder. Wie viel ist seitdem in den Hochwasserschutz investiert worden? /
_cThomas Gutke
264 _c2022
653 _aFrankfurt (Oder)
653 _aHochwasserschutz
773 _dFrankfurt (Oder) Märkisches Verlags- und Druckhaus GmbH & Co KG
_tMärkische Oderzeitung
_g33. Jahrgang (2022) Nr. 153 vom 06.07.2022, S. 13
942 _cA